000
00331nam a2200133Ia 4500
008
240624s9999 xx 000 0 und d
041
_a
eng
082
_a
658.8 RIE
100
_a
RIES AL
245
_a
22 IMMUTABLE LAWS OF MARKETING
260
_c
2006
_a
London
_b
Profile Books
300
_a
xii, : 143 : p. : cm. ; 19
365
_c
RS
999
_c
13013
_d
13013